000 00615nam a2200229Ia 4500
005 20260320201856.0
008 008 262003s9999 xx 000 0 eng d
037 _aEBOOK
040 _aCRL
040 _beng
040 _cCRL
041 _2eng
041 _aeng
084 _qCRL
100 _aMitra
245 0 _aIntelligent Workloads at the Edge: Deliver cyber-physical outcomes with data and machine learning using AWS IoT Greengrass
260 _bIEEE
856 _uhttps://ieeexplore.ieee.org/servlet/opac?bknumber=10163500
942 _cEBOOK
999 _c1724034
_d1724034